Quick Pick: Italian Numbers Quiz Stats

 Plays Quiz Updated Mar 21, 2018

Score 0/12 Timer 01:00
1 Play Today
% Correct
4
87.6%
5
86.5%
852
85.1%
510
83.7%
33
82%
77
81.6%
1993
80.7%
2027
80.1%
741
80.1%
20
78.2%
100
76%
19
70%

Today's Daily Dose

You're not logged in!

Compare scores with friends on all Sporcle quizzes.
OR
Log In

Show Comments

Extras

Top Quizzes Today


Score Distribution

Your Account Isn't Verified!

In order to create a playlist on Sporcle, you need to verify the email address you used during registration. Go to your Sporcle Settings to finish the process.

Report this User

Report this user for behavior that violates our Community Guidelines.

Details: